Квантовый закон инерции в сверхпространстве-времени; Известия вузов. Физика; Т. 54, № 1

Chi tiết về thư mục
Parent link:Известия вузов. Физика: научный журнал/ Национальный исследовательский Томский государственный университет (ТГУ).— , 1957-
Т. 54, № 1.— 2011.— [С. 36-43]
Tác giả chính: Ласуков В. В. Владимир Васильевич
Tóm tắt:Заглавие с экрана
Показано, что в сверхпространстве-времени квантовый закон инерции планковской частицы существенно модифицируется из-за ее гравитационного самодействия.
Режим доступа: по договору с организацией-держателем ресурса
Ngôn ngữ:Tiếng Nga
Được phát hành: 2011
Những chủ đề:
Truy cập trực tuyến:http://elibrary.ru/item.asp?id=15630087
Định dạng: Điện tử Chương của sách
KOHA link:https://koha.lib.tpu.ru/cgi-bin/koha/opac-detail.pl?biblionumber=637447

MARC

LEADER 00000nla0a2200000 4500
001 637447
005 20250421091137.0
035 |a (RuTPU)RU\TPU\network\1587 
090 |a 637447 
100 |a 20140915d2011 k||y0rusy50 ca 
101 0 |a rus 
102 |a RU 
135 |a drnn ---uucaa 
181 0 |a i  
182 0 |a b 
200 1 |a Квантовый закон инерции в сверхпространстве-времени  |f В. В. Ласуков 
203 |a Текст  |c электронный 
300 |a Заглавие с экрана 
320 |a [Библиогр.: с. 43 (11 назв.)] 
330 |a Показано, что в сверхпространстве-времени квантовый закон инерции планковской частицы существенно модифицируется из-за ее гравитационного самодействия. 
333 |a Режим доступа: по договору с организацией-держателем ресурса 
461 |t Известия вузов. Физика  |o научный журнал  |f Национальный исследовательский Томский государственный университет (ТГУ)  |d 1957- 
463 |t Т. 54, № 1  |v [С. 36-43]  |d 2011 
610 1 |a электронный ресурс 
610 1 |a труды учёных ТПУ 
610 1 |a сверхпространство-время 
610 1 |a инерция 
700 1 |a Ласуков  |b В. В.  |c математик  |c доцент Томского политехнического университета, кандидат физико-математических наук  |f 1954-  |g Владимир Васильевич  |3 (RuTPU)RU\TPU\pers\28144  |9 13102 
801 2 |a RU  |b 63413507  |c 20150421  |g RCR 
850 |a 63413507 
856 4 |u http://elibrary.ru/item.asp?id=15630087 
942 |c CF